| 000 | 00906nam a22002057a 4500 | ||
|---|---|---|---|
| 999 |
_c196366 _d196366 |
||
| 005 | 20230705124849.0 | ||
| 010 | _aB-755316-331 CHEN 25.5.23 | ||
| 020 |
_a9788123743103 _c90.00 |
||
| 035 | _aB-755316-331 | ||
| 037 | _bNational Book Trust,India | ||
| 082 | _a797.2 | ||
| 100 | _aChhapgar, B F | ||
| 245 |
_aWonders Of The Deep Sea / _cby B F Chhapgar |
||
| 260 |
_aNew Delhi _bNational Book Trust, India _c2020(repr.) |
||
| 270 |
_aNehru Bhawan, 5 Institutional Area, Phase-II Vasant Kunj, New Delhi _bNew Delhi _e110 070 |
||
| 300 |
_a52p. _c24cm(pbk) _bcol.ill |
||
| 490 | _aNehru Bal Pustakalaya | ||
| 942 |
_cEN _2ddc _mCHH _k _h797.2 |
||